000 00702nam a2200241 i 4500
001 C2-0217804
003 PPAK
005 20180728110304.0
008 990710s1990 my a|||| ||||| | may d
020 _a9836211535
040 _aPPAK
_beng
_cPPAK
_erda
082 0 4 _a711
_2 23
090 0 0 _a711
_bGLA
_dKIH
100 1 _aGlasson, John,
_eauthor
245 1 0 _aPengenalan perancangan wilayah :
_bkonsep, teori dan amalan
264 1 _aKuala Lumpur :
_bDewan Bahasa dan Pustaka ,
_c1990
300 _axxii, 444 pages :
_billustrations ;
_c21 cm
336 _2rdacontent
_atext
337 _2rdamedia
_aunmediated
338 _2rdacarrier
_avolume
650 1 0 _aRegional planning
942 _ddc
_cB
999 _c160908
_d160908